Begins with 'BR' Quiz Stats

 Plays Quiz Updated Jan 31, 2019

     
Support Sporcle.
Go Orange.
Score 0/30 Timer 06:00
2 Plays Today
Clue BR Word % Correct
Human thinking organBrain
99.4%
Jewelry worn on one's wristsBracelet
98.7%
These are used to stop your vehicleBrakes
97.4%
Opposite of dimBright
96.1%
Male siblingBrother
95.7%
Combination of breakfast and lunchBrunch
94.6%
Staple ingredient for a sandwichBread
94.4%
The UPS colorBrown
94.2%
Where beer is madeBrewery
92.5%
One with darker than blonde hairBrunette
88.8%
Vegetable with a flower headBroccoli
88%
Alternate to boxersBriefs
87.1%
Structure as means of transportation over waterBridge
86.1%
A noisy fight; a game in the Super Smash seriesBrawl
83.9%
An egotistical person often does thisBrag
83.9%
Clue BR Word % Correct
Island of England, Scotland, and WalesBritain
83.3%
Decorative item pinned to clothesBrooch
80.9%
Pixar movie set in ScotlandBrave
76.8%
Wide and spaciousBroad
76.2%
A promotional bookletBrochure
75.1%
Measures blood alcohol contentBreathalyzer
73.4%
Copper and tin alloyBronze
68.7%
To make a donkey's soundBray
68.1%
Horse's head restraint with reinsBridle
61.1%
It identifies one seller's good from the other'sBrand
56.9%
Element in the Periodic TableBromine
56.7%
A vital advance in knowledgeBreakthrough
55.1%
To worry or think unpleasant thoughtsBrood
54.2%
Sovereign state in northwestern BorneoBrunei
41.1%
The Hindu god of knowledge and understandingBrahma
33.6%

From the Vault

Most Guessed Sporcle Answers

by Leeny

This is basically the Sporcle equivalent of Family Feud, but no snappy host and less yelling at the family.
Remove Ads.
Support Sporcle.
Get the best of Sporcle when you Go Orange. This ad-free experience offers more features, more stats, and more fun while also helping to support Sporcle. Thank you for becoming a member.

Show Comments

Extras

Top Quizzes Today


Score Distribution

Your Account Isn't Verified!

In order to create a playlist on Sporcle, you need to verify the email address you used during registration. Go to your Sporcle Settings to finish the process.

Report this User

Report this user for behavior that violates our Community Guidelines.

Details: